Využitie multiagentového prístupu pri riadení poľnohospodárskych strojov

Guardado en:
Detalles Bibliográficos
Autor principal: Gajdoš, Michal (Autor)
Otros Autores: Lekavý, Marián (Orientador)
Formato: Manuscrito Libro
Lenguaje:eslovaco
Publicado: 2016
Materias:
Acceso en línea:http://is.stuba.sk/zp/portal_zp.pl?podrobnosti=119233
Etiquetas: Agregar Etiqueta
Sin Etiquetas, Sea el primero en etiquetar este registro!

MARC

LEADER 00000ntm a22000003a 4500
001 stuzp58914
003 SK-STU
005 20160719155714.4
007 ta
008 150427s2015----xo-----f-mn---000-0-slo-d
040 |a STU  |b slo 
041 0 |a slo 
100 1 |a Gajdoš, Michal  |u 070200  |k Z4  |4 aut  |U FIIT Fakulta informatiky a informačných technológií  |T FIIT Ústav informatiky, informačných systémov a softvérového inžinierstva  |X 8293  |U I200  |Y 179  |7 A000008293 
242 0 1 |a Utilization of a multi-agent approach for the management of agricultural machinery  |y eng 
245 1 0 |a Využitie multiagentového prístupu pri riadení poľnohospodárskych strojov 
260 |c 2016 
650 4 |a multiagentový systém  |2 slo 
650 4 |a pokrytie plochy  |2 slo 
650 4 |a poľnohospodárske stroje  |2 slo 
650 4 |a coverage algorithm  |2 eng 
650 4 |a agricultural machinery  |2 eng 
650 4 |a multi-agent system  |2 eng 
700 1 |a Lekavý, Marián  |u 070200  |k Z8  |4 ths  |U FIIT Fakulta informatiky a informačných technológií  |T FIIT Ústav informatiky, informačných systémov a softvérového inžinierstva  |X 10225  |U I200  |Y 179  |7 10225 
856 4 |u http://is.stuba.sk/zp/portal_zp.pl?podrobnosti=119233 
996 |b 8296  |c I* DIP 120/2016  |l II680  |s P  |a 0  |w stuzp58914_0001 
SQL |a stuzp58914  |b DDP  |c SLO  |d Využitie multiagentového prístupu pri riadení poľnohospodárskych strojov  |e 8293  |f Gajdoš, Michal  |g 070200  |h 10225  |i Lekavý, Marián  |j 20160614  |k 211  |l 07  |m http://is.stuba.sk/zp/portal_zp.pl?podrobnosti=119233  |n I-SI2  |o 9.2.5. softvérové inžinierstvo